000
00299nam a2200109Ia 4500
008
210430s9999 xx 000 0 und d
020
_a
224622462246
082
_a
502.82 J549 S
245
_a
Simple Manual for User of Scanning Microscope JSPM-5200
260
_a
Japan
_b
JOEL
_c
2006
942
_c
BK
_2
ddc
999
_c
563333
_d
563333